Geometry Harbrace Mathematics/ (Record no. 189073)

000 -LEADER
fixed length control field 00995 a2200193 4500
003 - CONTROL NUMBER IDENTIFIER
control field Nust
005 - DATE AND TIME OF LATEST TRANSACTION
control field 20221124123509.0
020 ## - INTERNATIONAL STANDARD BOOK NUMBER
International Standard Book Number 0153540699
040 ## - CATALOGING SOURCE
Transcribing agency Nust
082 ## - DEWEY DECIMAL CLASSIFICATION NUMBER
Classification number 516, ULR
100 ## - MAIN ENTRY--PERSONAL NAME
Personal name F.Ulrich, James
9 (RLIN) 103481
245 ## - TITLE STATEMENT
Title Geometry Harbrace Mathematics/
Statement of responsibility, etc. James F.Ulrich & Joseph N.Payne
250 ## - EDITION STATEMENT
Edition statement 2nd
260 ## - PUBLICATION, DISTRIBUTION, ETC.
Place of publication, distribution, etc. Harcourt Brace Jovanovich, Inc
Name of publisher, distributor, etc. New York
Date of publication, distribution, etc. 1972
300 ## - PHYSICAL DESCRIPTION
Extent ix, 710 p
Other physical details illus
505 ## - FORMATTED CONTENTS NOTE
Formatted contents note Introduction to Geometry (Page-1), Basic Assumptions (Page-37) ,Induction and Deduction (Page-81), Logic and Proof (Page-129), Congruent Triangles (Page-191), Parallels and Coordinates (Page-263), Parallelograms and Inequalities (Page-329), Circles and Spheres (Page-371), Introduction to Locus (Page-427), Similar Polygons (Page-463), Pythagorean Theorem (Page-505), Polygons and Area (Page-557), Introduction to Trigonometry (Page-587), Area and Volume (Page-611), Transformations (Page-653).
650 ## - SUBJECT ADDED ENTRY--TOPICAL TERM
Topical term or geographic name entry element Harbrace Mathematics
9 (RLIN) 103482
942 ## - ADDED ENTRY ELEMENTS (KOHA)
Source of classification or shelving scheme
Koha item type Book
Holdings
Withdrawn status Lost status Source of classification or shelving scheme Damaged status Not for loan Permanent Location Current Location Shelving location Date acquired Total Checkouts Full call number Barcode Date last seen Date last checked out Price effective from Koha item type Public note
          Military College of Signals (MCS) Military College of Signals (MCS) General Stacks 12/12/2016 6 516 , ULR MCS7511 04/18/2024 04/17/2024 12/12/2016 Book Almirah No.13, Shelf No.6
          Military College of Signals (MCS) Military College of Signals (MCS) General Stacks 12/12/2016   516,ULR MCS7592 12/08/2016   12/12/2016 Book Almirah No.82, Shelf No.5
© 2023 Central Library, National University of Sciences and Technology. All Rights Reserved.